000
00210nam a2200085Ia 4500
008
120527s9999 xx 000 0 und d
100
_a
Goldman, I. Marshall
245
_a
Comparative Economics systems
942
_c
BK
999
_c
27242
_d
27242